000 00536nam a2200193Ia 4500
003 GCL
008 140319s9999 xx 000 0 eng d
040 _aGCL /
_cGCL
082 0 4 _a627
_bC H
100 1 _aCHADWICK, ANDREW
245 1 0 _aHYDERLICS IN CIVIL AND ENVIRONMENTAL ENGINEERING 2sec EDITION /
_cCHADWICK, ANDREW
700 1 _aMORFETT, JOHN
260 _a[S.N] :
_bE & FN SPON ،
_c1993
300 _a557 P
650 0 4 _aCIVIL ENGINEERING
650 0 4 _aHYDRAULICS
650 0 4 _aENVIRONMENTAL ENGINEERING
942 _2ddc
_cBK
999 _c11538
_d11538